书目信息 |
| 题名: |
近代物理学进展
|
|
| 作者: | 张礼 主编 | |
| 分册: | ||
| 出版信息: | 北京 清华大学出版社 1997.08 |
|
| 页数: | 338页 | |
| 开本: | 16开 | |
| 丛书名: | ||
| 单 册: | ||
| 中图分类: | O41 | |
| 科图分类: | ||
| 主题词: | 理论物理学 | |
| 电子资源: | ||
| ISBN: | 7-302-02521-5 | |
| 000 | 00510nam0 2200181 45 | |
| 001 | 0006251030 | |
| 005 | 20051214084116.11 | |
| 010 | @a7-302-02521-5@d22.50元 | |
| 100 | @a20000625d1997 km y0chiy0120 ea | |
| 101 | 0 | @achi |
| 200 | 1 | @a近代物理学进展@AJin Dai Wu Li Xue Jin Zhan@f张礼主编@FZhang Li Zhu Bian |
| 210 | @a北京@c清华大学出版社@d1997.08 | |
| 215 | @a338页@d16开 | |
| 606 | 0 | @a理论物理学 |
| 690 | @aO41@v3 | |
| 701 | 0 | @a张礼@4主编 |
| 801 | @aCN@bPftUser@c20051214 | |
| 905 | @b59539-543@dO41@eZH.323@f5 | |
| 近代物理学进展/张礼主编.-北京:清华大学出版社,1997.08 |
| 338页;16开 |
| ISBN 7-302-02521-5:22.50元 |
| ● |
| 相关链接 |
|
|
|
正题名:近代物理学进展
索取号:O41/ZH.323
 
预约/预借
| 序号 | 登录号 | 条形码 | 馆藏地/架位号 | 状态 | 备注 |
| 1 | 547881 | 205478810 | 自科库401/401自科库 57排2列2层/ [索取号:O41/ZH.323] | 在馆 | |
| 2 | 547882 | 205478829 | 自科库401/401自科库 57排2列2层/ [索取号:O41/ZH.323] | 在馆 | |
| 3 | 547883 | 205478838 | 自科库401/401自科库 57排2列2层/ [索取号:O41/ZH.323] | 在馆 | |
| 4 | 59539 | 200595392 | 自科库401/401自科库 57排2列2层/ [索取号:O41/ZH.323] | 在馆 | |
| 5 | 59540 | 200595409 | 自科库401/401自科库 57排2列2层/ [索取号:O41/ZH.323] | 在馆 | |
| 6 | 59541 | 200595418 | 自科库401/401自科库 57排2列2层/ [索取号:O41/ZH.323] | 在馆 | |
| 7 | 59542 | 200595427 | 自科库401/401自科库 57排2列2层/ [索取号:O41/ZH.323] | 在馆 | |
| 8 | 59543 | 200595436 | 自科库401/401自科库 57排2列2层/ [索取号:O41/ZH.323] | 在馆 |